000 00972nam a22002657a 4500
005 20081013114943.0
008 081013t xxu||||| |||| 00| 0 eng d
010 _aENG-91264
020 _c290.00
035 _aEN-74797
037 _bDBAD / PUB
040 _adpl
_bEnglish
082 _a658.87
100 _aSheikh, Arif I.
245 _aMall management /
_cby Arif I. Shelkh [and] Kaneez Fatima
260 _aNew Delhi
_bHimalaya Publishing House
_c2008
270 _aPooja Apartments, 4-B, Murari Lal Street, Ansari Road, Daryaganj,
_bNew Delhi
_e110002
300 _a392p.:
_c25cm (pbk)
_bill.
500 _aIncludes index
650 _aRetail trade
650 _aShopping malls
_xmanagement
700 _aKaneez Fatima
942 _2ddc
_cEN
_mARI
_h658.87
999 _c16562
_d16562